000 00654nam a2200277Ia 4500
005 20260121124606.0
008 008 260114s9999 xx 000 0 eng d
020 _a9781438462479
037 _aEBOOK
040 _aCRL
040 _beng
040 _cCRL
041 _2eng
041 _aeng
084 _qCRL
100 _aNair, Manjusha
_9978593
245 0 _aUndervalued Dissent
260 _bWalter de Gruyter
260 _bWalter de Gruyter
260 _c2016
650 _aPolitical Science
_9978594
856 _uhttp://www.degruyter.com/isbn/9781438462479
942 _cEBOOK
999 _c1555740
_d1555740